| 000 | 00648nam a2200193Ia 4500 | ||
|---|---|---|---|
| 003 | IN-BaIIA | ||
| 008 | 211028s9999 xx 000 0 eng d | ||
| 020 | _a0-8194-0373-3 | ||
| 040 | _cIIA Library | ||
| 080 |
_a535(082.1) _bSPI-1318 |
||
| 100 |
_aMcNamara, Bernard J _919178 |
||
| 245 | 0 |
_aOptical spectroscopic instrumentation and techniques for the 1990s _cBernard J McNamara |
|
| 260 |
_aWashington _bSociety of Photo-Optical Instrumentation Engineers _c1990 |
||
| 300 | _avii, 252p. | ||
| 650 |
_aInstrumentation _98032 |
||
| 650 | _aNASA Thesaurus | ||
| 650 | _aOptical spectroscopy | ||
| 942 | _cBK | ||
| 999 |
_c11197 _d11197 |
||